That Can't Be True! #4 - Statistics

General Stats
  • This quiz has been taken 117 times
  • The average score is 9 of 16
Answer Stats
Question Answer % Correct
Which statement is true? A jockey once won a race post-mortem.
88%
Which statement is true? Neil Armstrong once threatened to sue his barber for selling his hair.
80%
Which statement is true? There’s only one human organ that naturally regenerates.
76%
Which statement is true? The first interracial TV kiss was on Star Trek.
75%
Which statement is true? The “Tallest Man in the World” saved a pair of dolphins.
73%
Which statement is true? Lemurs get high on bugs.
68%
Which statement is true? Liechtenstein has just one jail.
67%
Which statement is true? The art of Bambi was inspired by Chinese landscape paintings.
67%
Which statement is true? The tallest empty building in the world is North Korea’s “Hotel of Doom”.
52%
Which statement is true? Viking men wore makeup.
52%
Which statement is true? The longest tire skid mark was six miles long.
49%
Which statement is true? A 10,000-year clock is being built.
48%
Which statement is true? Ancient cats once led to the extinction of ancient dogs.
44%
Which statement is true? Putting earwax on a cold sore will speed up its healing process.
40%
Which statement is true? An astronaut was allergic to the moon.
35%
Which statement is true? Russia has a surface area slightly smaller than Pluto.
34%
No matching quizzes found
Score Distribution
Percent of People with Each Score
Percentile by Number Answered
Your Score History
You have not taken this quiz